| 000 | 00796nam a2200265 i 4500 | ||
|---|---|---|---|
| 001 | 72949 | ||
| 003 | ES-MaACL | ||
| 005 | 20240714063059.0 | ||
| 007 | t| | ||
| 008 | 040903s1969 sp ||||1| spa d | ||
| 017 |
_aM 12077-1969 _bOficina Depósito Legal Madrid |
||
| 040 | _cES-MaACL | ||
| 080 | _a338.92(04) | ||
| 080 | _a008(04) | ||
| 100 | 1 |
_aGómez de Aranda, Luis, _957881 _d1916-2004 _eaut |
|
| 245 | 1 | 4 |
_aLos valores humanos del desarrollo / _cLuis Gómez de Aranda. |
| 260 |
_aMadrid : _bEuropa, _c1969. |
||
| 300 |
_a316 páginas ; _c18 cm. |
||
| 650 | 7 |
_9153584 _aDesarrollo económico |
|
| 650 | 4 |
_916469 _aProgreso |
|
| 852 |
_aES-MaACL _bR.70637 _cDEPO2 _jC-51504 |
||
| 942 |
_cMONOGRAFIA _n0 |
||
| 999 |
_c72949 _d72949 |
||